|
|
|
|
| LEADER |
01224ncm a2200361 a 4500 |
| 001 |
000695536 |
| 003 |
CZ BrMZK |
| 005 |
20031205084613.0 |
| 007 |
q |
| 008 |
031104s2003 xr cga f cze d |
| 024 |
2 |
|
|a M660512692
|
| 028 |
2 |
1 |
|a R 037
|b Český rozhlas
|
| 040 |
|
|
|a ABA001
|b cze
|d BOA001
|
| 047 |
|
|
|a cg
|
| 048 |
|
|
|a ob01
|
| 072 |
|
7 |
|a 785
|x Instrumentální hudba. Symfonická hudba. Hudba pro více nástrojů.
|2 Konspekt
|9 9
|
| 080 |
|
|
|a 78.089.6
|2 MRF
|
| 080 |
|
|
|a 785
|2 MRF
|
| 080 |
|
|
|a 78.082.4
|2 MRF
|
| 100 |
1 |
|
|a Teml, Jiří,
|d 1935-
|7 jn19990209915
|4 cmp
|
| 245 |
1 |
0 |
|a Concerto grosso No. 3
|h [hudebnina] :
|b per flauto, fagotto e archi : 2002 /
|c Jiří Teml
|
| 250 |
|
|
|a 1. vyd.
|
| 254 |
|
|
|a Partitura
|
| 260 |
|
|
|a Praha :
|b Český rozhlas,
|c 2003
|
| 300 |
|
|
|a 1 partitura (45 s.) ;
|c 30 cm
|
| 306 |
|
|
|a 001400
|
| 650 |
0 |
4 |
|a concerti grossi (partitura)
|
| 650 |
0 |
4 |
|a concerti grossi (flétna, fagot, smyčcové nástroje)
|
| 650 |
0 |
7 |
|a concerti grossi
|7 ph321736
|z Česko
|y 20.-21. stol.
|2 czenas
|
| 655 |
|
7 |
|a partitury
|7 fd185981
|2 czenas
|
| 910 |
|
|
|a BOA001
|b Mus4-1119.104
|
| 990 |
|
|
|a MU
|
| 996 |
6 |
|
|b 2610194217
|c Mus4-1119.104
|l MZK
|r Sklad / do 1 hodiny
|n 3
|w 000695536
|u 000010
|a 1
|e BOA001
|j MZK50
|s P
|